Liverpool FC Squad 2023-2024 - Statistics

General Stats
  • This quiz has been taken 1,124 times
    571 since last reset
  • The average score is 23 of 27
Answer Stats
# Position Nation Player % Correct
1 GK Brazil Alisson
99%
11 FW Egypt Mohamed Salah
98%
4 DF Netherlands Virgil van Dijk
98%
9 FW Uruguay Darwin Núñez
97%
7 FW Colombia Luis Díaz
95%
10 MF Argentina Alexis Mac Allister
94%
5 DF France Ibrahima Konaté
94%
3 MF Japan Wataru Endō
94%
26 DF Scotland Andrew Robertson
93%
- Coach Germany Jürgen Klopp
92%
18 FW Netherlands Cody Gakpo
91%
20 FW Portugal Diogo Jota
91%
8 MF Hungary Dominik Szoboszlai
91%
2 DF England Joe Gomez
89%
66 DF England Trent Alexander-Arnold
89%
6 MF Spain Thiago
86%
62 GK Ireland Caoimhín Kelleher
85%
21 DF Greece Konstantinos Tsimikas
85%
32 DF Cameroon Joel Matip
84%
17 MF England Curtis Jones
81%
19 MF England Harvey Elliott
78%
38 MF Netherlands Ryan Gravenberch
77%
13 GK Spain Adrián
76%
78 DF England Jarell Quansah
65%
43 MF Spain Stefan Bajčetić
58%
50 FW Scotland Ben Doak
54%
46 DF England Rhys Williams
36%
No matching quizzes found
Score Distribution
Percent of People with Each Score
Percentile by Number Answered
Your Score History
You have not taken this quiz since the last reset